000
00257nam a2200097Ia 4500
001
1075266
005
20250827002235.0
008
250824s9999 xx 000 0 und d
245
0
_a
GELENEKTEN MODERNLİĞE OSMANLI
_c
BEDRİ GENCER
260
_b
KETEBE YAYINLARI
999
_c
1075266
_d
1075266